<?xml version="1.0" encoding="UTF-8"?><?xml-stylesheet type="text/xsl" href="static/style.xsl"?><OAI-PMH xmlns="http://www.openarchives.org/OAI/2.0/" xmlns:xsi="http://www.w3.org/2001/XMLSchema-instance" xsi:schemaLocation="http://www.openarchives.org/OAI/2.0/ http://www.openarchives.org/OAI/2.0/OAI-PMH.xsd"><responseDate>2026-04-27T14:05:56Z</responseDate><request verb="GetRecord" identifier="oai:riubu.ubu.es:10259/7973" metadataPrefix="marc">https://riubu.ubu.es/oai/request</request><GetRecord><record><header><identifier>oai:riubu.ubu.es:10259/7973</identifier><datestamp>2023-12-15T11:54:30Z</datestamp><setSpec>com_10259_4596</setSpec><setSpec>com_10259.4_2574</setSpec><setSpec>com_10259.4_106</setSpec><setSpec>com_10259_2604</setSpec><setSpec>col_10259_4597</setSpec></header><metadata><record xmlns="http://www.loc.gov/MARC21/slim" xmlns:doc="http://www.lyncode.com/xoai" xmlns:xsi="http://www.w3.org/2001/XMLSchema-instance" xmlns:dcterms="http://purl.org/dc/terms/" xsi:schemaLocation="http://www.loc.gov/MARC21/slim http://www.loc.gov/standards/marcxml/schema/MARC21slim.xsd">
<leader>00925njm 22002777a 4500</leader>
<datafield tag="042" ind1=" " ind2=" ">
<subfield code="a">dc</subfield>
</datafield>
<datafield tag="720" ind1=" " ind2=" ">
<subfield code="a">Pérez-Villarreal, Héctor Hugo</subfield>
<subfield code="e">author</subfield>
</datafield>
<datafield tag="720" ind1=" " ind2=" ">
<subfield code="a">Martínez Ruiz, María Pilar .</subfield>
<subfield code="e">author</subfield>
</datafield>
<datafield tag="720" ind1=" " ind2=" ">
<subfield code="a">Izquierdo Yusta, Alicia</subfield>
<subfield code="e">author</subfield>
</datafield>
<datafield tag="260" ind1=" " ind2=" ">
<subfield code="c">2019-08</subfield>
</datafield>
<datafield tag="520" ind1=" " ind2=" ">
<subfield code="a">This research investigated the effect of the food values, positive anticipated emotions,&#xd;
attitude toward the brand, and attitude toward eating a hamburger on purchase intention in fast-food&#xd;
restaurants in Mexico conjointly. The purpose of this study was to discover which variables influenced&#xd;
the consumer´s intention to buy. Data was collected from a survey of 512 Mexicans fast-food&#xd;
consumers. Structural equation modeling was used to test the hypothesized associations. The results&#xd;
showed that food values and positive anticipated emotions absolutely impact the attitude toward the&#xd;
brand, which impacts the purchase intention of the Mexican consumers. Nonetheless, the positive&#xd;
anticipated emotions impact stronger than food values, and the best way to get a purchase intention&#xd;
is toward the attitude of the brand rather than attitude toward eating a hamburger. The authors&#xd;
discussed inferences and suggestions for consumer approaches.</subfield>
</datafield>
<datafield tag="024" ind2=" " ind1="8">
<subfield code="a">http://hdl.handle.net/10259/7973</subfield>
</datafield>
<datafield tag="024" ind2=" " ind1="8">
<subfield code="a">10.3390/foods8090369</subfield>
</datafield>
<datafield tag="024" ind2=" " ind1="8">
<subfield code="a">2304-8158</subfield>
</datafield>
<datafield ind1=" " ind2=" " tag="653">
<subfield code="a">Food values</subfield>
</datafield>
<datafield ind1=" " ind2=" " tag="653">
<subfield code="a">Positive anticipated emotions</subfield>
</datafield>
<datafield ind1=" " ind2=" " tag="653">
<subfield code="a">Attitude toward the brand</subfield>
</datafield>
<datafield ind1=" " ind2=" " tag="653">
<subfield code="a">Attitude toward eating a hamburger</subfield>
</datafield>
<datafield ind1=" " ind2=" " tag="653">
<subfield code="a">Purchase intention</subfield>
</datafield>
<datafield tag="245" ind1="0" ind2="0">
<subfield code="a">Testing Model of Purchase Intention for Fast Food in Mexico: How do Consumers React to Food Values, Positive Anticipated Emotions, Attitude toward the Brand, and Attitude toward Eating Hamburgers?</subfield>
</datafield>
</record></metadata></record></GetRecord></OAI-PMH>